| 000 | 00919nas a2200289 4500 | ||
|---|---|---|---|
| 001 | BR0102371 | ||
| 003 | BR-BrBNA | ||
| 005 | 20231205103441.0 | ||
| 007 | ta | ||
| 008 | 230509b bl.|||p| |||| 00| 00por d | ||
| 040 |
_aBR-BrBNA _bpor _cBiblioteca Nacional de Agricultura |
||
| 041 | _a(Pt) | ||
| 072 | _aL10 | ||
| 100 | 1 | _aMachado, P.F.A. | |
| 100 | 1 | _aAquino, L.H. de | |
| 100 | 1 | _aGonçalves, T. de M. | |
| 245 | 1 | _aEstimativas de parâmetros genéticos e critérios de seleção em características ponderais de bovinos Nelore | |
| 650 | _aGADO NELORE | ||
| 650 | _aGADO DE CORTE | ||
| 650 | _aPESO | ||
| 650 | _aPARÂMETRO GENÉTICO | ||
| 650 | _aSELEÇÃO GENÉTICA | ||
| 650 | _aMELHORAMENTO GENÉTICO ANIMAL | ||
| 773 | 0 |
_tCiência e Agrotecnologia (Brazil) _xISSN 1413-7054 _g(Jan-Mar 1999), v. 23(1) p. 197-204 _wBR0102371 |
|
| 909 |
_a202311 _bLúcia _c55 _dLúcia Elande |
||
| 942 |
_2AGRIS _n0 _cANA |
||
| 999 |
_c172929 _d172929 |
||